000 00615nam a2200181Ia 4500
008 151018s9999 xx 000 0 und d
082 _bRBASDV46207
_a30
100 _aएस पी परमहंस
245 _aराजभाषा प्रयोग कोश
250 _b1
260 _bजगतराम अंड सन्स
_c2008
300 _a256
600 _aएस पी परमहंस
630 _aराजभाषा प्रयोग कोश
700 _aएस पी परमहंस
730 _aराजभाषा प्रयोग कोश
942 _cBOOK
999 _c1045370
_d1045367